Relaciones de Yucatán. (Record no. 184601)

MARC details
000 -LEADER
campo de control de longitud fija 01035nam a2200217 i 4500
001 - NÚMERO DE CONTROL
campo de control 184601
003 - IDENTIFICADOR DE NÚMERO DE CONTROL
campo de control ES-MaACL
005 - FECHA Y HORA DE LA ÚLTIMA TRANSACCIÓN
campo de control 20250815025707.0
008 - DATOS DE LONGITUD FIJA--INFORMACIÓN GENERAL
campo de control de longitud fija 151027m18981900sp |||| | spa d
245 00 - MENCIÓN DEL TÍTULO
Título Relaciones de Yucatán.
260 ## - PUBLICACIÓN, DISTRIBUCIÓN, ETC.
Lugar de publicación, distribución, etc. Madrid :
Nombre del editor, distribuidor, etc. [s.n.],
Fecha de publicación, distribución, etc. 1898-1900 (
Fabricante Sucesores de Rivadeneyra)
300 ## - DESCRIPCIÓN FÍSICA
Extensión 2 v. (XL, 436 p., [2] h. pleg. de mapa ; XVI, 414 p.) ;
Dimensiones 24 cm.
490 1# - MENCIÓN DE SERIE
Mención de serie Colección de documentos inéditos relativos al descubrimiento, conquista y organización de las antiguas posesiones españolas de ultramar. Segunda serie / publicada por la Real Academia de la Historia ;
Designación de volumen o secuencia 11, 13
650 #4 - PUNTO DE ACCESO ADICIONAL DE MATERIA--TÉRMINO DE MATERIA
Término de materia o nombre geográfico como elemento de entrada Mayas.
9 (RLIN) 146359
651 #4 - PUNTO DE ACCESO ADICIONAL DE MATERIA--NOMBRE GEOGRÁFICO
Nombre geográfico Yucatán-
Subdivisión general Historia.
9 (RLIN) 9546
710 2# - ENTRADA AGREGADA--NOMBRE DE ENTIDAD CORPORATIVA
Nombre de entidad corporativa o nombre de jurisdicción como elemento de entrada Real Academia de la Historia (España)
9 (RLIN) 6309
830 00 - PUNTO DE ACCESO ADICIONAL DE SERIE-TÍTULO UNIFORME
Título uniforme Colección de documentos inéditos relativos al descubrimiento, conquista y organización de las antiguas posesiones de Ultramar
Designación de volumen o secuencia 11, 13
9 (RLIN) 241781
852 ## - LOCALIZACIÓN
Ubicación ES-MaACL
Número de control de estantería C-1972
Nota libre .- Vol. 11
852 ## - LOCALIZACIÓN
Ubicación ES-MaACL
Número de control de estantería C-1974
Nota libre .- Vol. 13
Holdings
Estatus retirado Estado de pérdida Estado de daño No para préstamo Colección Biblioteca de origen Biblioteca actual Ubicación en estantería Fecha de adquisición Fuente de adquisición Total de préstamos Signatura topográfica completa Código de barras Visto por última vez Precio de reemplazo Tipo de ítem Koha
        Libros del s. XIX Biblioteca del Ateneo de Madrid Biblioteca del Ateneo de Madrid Sala Palomar 27/10/2015     C-1974 1194356 23/02/2023 23/02/2023 Libro impreso antiguo
        Libros del s. XIX Biblioteca del Ateneo de Madrid Biblioteca del Ateneo de Madrid Sala Palomar 27/10/2015     C-1972 1194355 23/02/2023 23/02/2023 Libro impreso antiguo